000 00831nam a22002417a 4500
005 20240530110519.0
008 160215s2013 su a f b 000 0 ara d
017 _a1433/8758
_bالسعودية . مكتبة الملك فهد الوطنية
020 _a9786038120453
040 _aEG-CaGPL
082 0 4 _221
_a746.4\
_bإ م
100 0 _aايناس عصمت عبدالله .
245 1 0 _aمن فنون التطريز اليدوى /
_cايناس عصمت عبدالله .
250 _aط1.
260 _aالرياض :
_bدار الزهراء ،
_c2013 .
300 _a171 ص :
_bصور ؛
_c24 سم .
650 0 4 _aالتطريز .
650 0 4 _aاشغال الابرة .
650 0 4 _aتفصيل الملابس .
650 0 4 _aالحياكة .
942 _2ddc
_cBK
999 _c61851
_d61851